| 000 | 00510nam a22001577a 4500 | ||
|---|---|---|---|
| 999 |
_c11172 _d11172 |
||
| 003 | OSt | ||
| 005 | 20190302085540.0 | ||
| 008 | 181015b ||||| |||| 00| 0 eng d | ||
| 082 | _aDPer 959.9048 P53p May 2013- April 2014 v. 22-23 | ||
| 245 | _aPresidential statements on typhoon Yolanda. | ||
| 260 |
_aSan Miguel, Manila : _bOP-Bureau of Communications Services, _ccMay 2013-cApr 2014. |
||
| 300 |
_av22 n6, page 69; _c23 cm. |
||
| 650 | 0 |
_932225 _aSpeeches. |
|
| 650 | 0 |
_aStatement _936635 |
|
| 942 |
_2ddc _cPER |
||